[Event "Chigorin Memorial 24th"]
[Site "St Petersburg"]
[Date "2016.10.15"]
[Round "1"]
[White "Yatzenko, Anton"]
[Black "Shmyrin, Mikhail"]
[Result "1-0"]
[WhiteElo "2339"]
[BlackElo "1871"]
[PlyCount "67"]
[EventDate "2016.10.15"]
[EventType "swiss"]
[EventRounds "9"]
[EventCountry "RUS"]
[SourceTitle "CBM 175 Extra"]
[Source "ChessBase"]
[SourceDate "2016.12.12"]
[SourceVersion "1"]
[SourceVersionDate "2016.12.12"]
[SourceQuality "1"]

1. e4 c5 2. Nf3 g6 3. d4 cxd4 4. Nxd4 Bg7 5. c4 Nc6 6. Nc2 Nf6 7. Nc3 0-0 8. Be2 d6 9. 0-0 Be6 10. Bd2 Rc8 11. Rc1 Ne5 12. b3 Bd7 13. Kh1 Bc6 14. f4 Ned7 15. Bf3 a5 16. Nd5 Nc5 17. Bxa5 Qxa5 18. Nxe7+ Kh8 19. Nxc8 Ncxe4 20. Nxd6 Nxd6 21. Bxc6 bxc6 22. Qxd6 Rd8 23. Qxc6 Qh5 24. Qf3 Qf5 25. Ne3 Qc5 26. Nd5 Ne8 27. b4 Qd4 28. Rfd1 Qb2 29. c5 Qxa2 30. c6 Nd6 31. c7 Re8 32. Nb6 Qe6 33. Qd5 Ne4 34. Qxe6 1-0